Sports Quiz

Random Sports or Hockey Quiz

NHL Single-Season Franchise Leaders Quiz Stats

 Plays Quiz Updated Jun 7, 2019

Score 0/124 Timer 12:00
0 Plays Today
% Correct
Wayne Gretzky (215)
92.6%
Wayne Gretzky (92)
92.6%
Wayne Gretzky (163)
92.6%
Wayne Gretzky (168)
92.6%
Wayne Gretzky (122)
92.6%
Mario Lemieux (199)
81%
Mario Lemieux (85)
81%
Mario Lemieux (114)
81%
Teemu Selanne (109)
80.1%
Teemu Selanne (52)
80.1%
Teemu Selanne (132)
80.1%
Teemu Selanne (76)
80.1%
Brett Hull (131)
78.8%
Brett Hull (86)
78.8%
Bobby Hull (58)
78.7%
Bobby Orr (102)
76.4%
Alex Ovechkin (65)
75.4%
Steve Yzerman (155)
75.3%
Steve Yzerman (65)
75.3%
Steve Yzerman (90)
75.3%
Rick DiPietro, Billy Smith & Chris Osgood (32)
73.4%
Marc-Andre Fleury (35)
72.7%
Martin Brodeur (48)
72.4%
Rick Nash & Cam Atkinson (41)
70.9%
Joe Thornton (114)
69.8%
Joe Thornton (92)
69.8%
Phil Esposito (152)
67.5%
Phil Esposito (76)
67.5%
Artemi Panarin (87)
66.5%
Henrik Sedin (112)
64.1%
Pavel Bure (59)
63.6%
Pavel Bure (60)
63.6%
Henrik Sedin (83)
63.3%
Mike Bossy (147)
62.4%
Mike Bossy (69)
62.4%
Aleksander Barkov (96)
62.3%
Roberto Luongo (35)
62.2%
Roberto Luongo (47)
62.2%
Nikita Kucherov (87)
62%
Jaromir Jagr (123)
61.2%
Jaromir Jagr (54)
61.2%
William Karlsson (78)
60.7%
% Correct
William Karlsson (43)
60.7%
Guy Lafleur & Steve Shutt (60)
60.4%
Guy Lafleur (136)
60%
Nikita Kucherov (128)
59.3%
Bobby Clarke (89)
58.9%
Ron Francis (69)
58.9%
Bobby Smith (114)
58.6%
Paul Kariya (85)
57%
Paul Kariya (54)
57%
Steven Stamkos (60)
56.5%
Jean-Sebastien Giguere (36)
56%
Dany Heatley (105)
55.8%
Dany Heatley (50)
55.8%
Ed Belfour (43)
55.5%
Marian Gaborik & Eric Staal (42)
55.1%
Ryan Miller (41)
54.1%
Patrik Elias (96)
53.6%
Frederik Andersen (38)
53.4%
Pat LaFontaine (148)
53.3%
Pat LaFontaine (95)
53.3%
Cam Ward (39)
52.9%
Semyon Varlamov (41)
52.5%
Marian Gaborik (83)
52.4%
Ryan Getzlaf (66)
52.1%
Jacques Plante & Ken Dryden (42)
51.9%
Ilya Kovalchuk (52)
51.4%
Bryan Trottier (87)
51.3%
Cam Talbot (42)
50.5%
Jason Spezza (71)
48.3%
Alexander Mogilny (76)
47.8%
Mike Richter (42)
47.7%
Adam Oates (90)
47.4%
Miikka Kiprusoff (45)
47.3%
Pekka Rinne (43)
46.3%
Denis Savard (131)
45.6%
Denis Savard (87)
45.6%
Blake Wheeler (71)
45.6%
Devan Dubnyk (40)
45.5%
Sergei Bobrovsky (41)
44.8%
Peter Stastny (139)
44.1%
Peter Stastny (93)
44.1%
Braden Holtby (48)
43.6%
% Correct
Doug Gilmour (127)
43.1%
Doug Gilmour (95)
43.1%
Evgeni Nabokov (46)
41.7%
Brian Leetch (80)
41.3%
Jonathan Quick (40)
41.3%
Tom Barrasso (43)
41.2%
Marty Turco (41)
40.4%
Jonathan Cheechoo (56)
40.1%
Lanny McDonald (66)
39.2%
Marian Hossa (100)
38.3%
Terry Sawchuk (44)
36.6%
Andrei Vasilevskiy (44)
34.3%
Viktor Arvidsson (34)
33.4%
Brian Bellows & Dino Ciccarelli (55)
33.2%
Bernie Nicholls (70)
32.8%
Bernie Parent (47)
32.3%
Michel Goulet (57)
31.3%
Scott Stevens (60)
30.7%
Mark Recchi (123)
28.8%
Patrick Lalime (39)
28.4%
Reggie Leach (61)
25.6%
Ilya Bryzgalov (42)
25.3%
Brian Gionta (48)
24.5%
Connor Hellebuyck (44)
23.5%
Kent Nilsson (131)
20.1%
Kent Nilsson (82)
20.1%
Dennis Maruk (136)
19.9%
Dennis Maruk(76)
19.9%
Neal Broten (76)
18.7%
Rick Vaive (54)
18.4%
Artemi Panarin (59)
17.8%
Pete Mahovlich (82)
16.1%
Pete Peeters (40)
15.7%
Phil Housley (79)
15.4%
Roman Turek (42)
14.2%
David Perron (50)
13.6%
Blaine Stoughton (56)
12.2%
Pierre-Marc Bouchard (50)
12.1%
Jonathan Huberdeau (62)
10.6%
Mike Rogers (105)
10%

You're not logged in!

Compare scores with friends on all Sporcle quizzes.
OR
Log In

Sporcle TV

Today on Sporcle TV


Watch our educational content, quiz creation guides, and fun videos on Sporcle TV.

Show Comments

Extras

Top Quizzes Today


Score Distribution

Your Account Isn't Verified!

In order to create a playlist on Sporcle, you need to verify the email address you used during registration. Go to your Sporcle Settings to finish the process.

Report this User

Report this user for behavior that violates our Community Guidelines.

Details: